01171nam a2200193Ia 4500001001100000003001000011008004100021040002500062041001300087100003200100245005400132250001100186260009200197300001200289500026400301501011400565520026400679650003400943L240-46637IT-CnALBA170116s9999||||xx |||||||||||||| ||und|| aIT-CnALBAcIT-CnALBA aITALIANO aCAMISANI ENRICO, SAC. POETA 0aIN TE DOMINE SPERAVI, NON CONFUNDAR IN AETERNUM.  a1a ed. a BRESCIA, MILANObPAVONIANA TIPOLITOGR. c1996 [1° Ed.:1996 - Ed.Ling.Originale: 1996] a141 p.  aAL CARDINALE TONINI. CARLO MARIA MARTINI. T. GOFFI. D. MAZZOLARI. TENEREZZA. ALLE MAESTRE VINCENZIANE. PAOLO II, GIUBILEO SACERDOTALE. GESÙ GIUDICE. MARIA MADRE DI MISERICORDIA. RIVISTA STUDI CATTOLICI. CENTENARIO DI S. TERESA DEL BAMBINO GESÙ. SUSANNA TA aSocietà San Paolo EM - Piazza San Paolo, 14 - 12051 ALBA (CN) (non commercial uses only) ® Copyright 2017 aAL CARDINALE TONINI. CARLO MARIA MARTINI. T. GOFFI. D. MAZZOLARI. TENEREZZA. ALLE MAESTRE VINCENZIANE. PAOLO II, GIUBILEO SACERDOTALE. GESÙ GIUDICE. MARIA MADRE DI MISERICORDIA. RIVISTA STUDI CATTOLICI. CENTENARIO DI S. TERESA DEL BAMBINO GESÙ. SUSANNA TA aTEOLOGIA SPIRITUALE CRISTIANA